Luces y sombras de la reforma del Sistema Nacional de la Garantía Juvenil en España a través del Real Decreto Ley 6/2016, de 23 de diciembre (Registro nro. 49757)
[ vista simple ]
| 000 -CABECERA | |
|---|---|
| Longitud fija campo de control | 01403naa a2200301 c 4500 |
| 001 - NÚMERO DE CONTROL | |
| Número de control | 49757 |
| 003 - IDENTIFICADOR DE NÚMERO DE CONTROL | |
| Identificador del número de control | ES-MaCES |
| 005 - FECHA Y HORA DE LA ÚLTIMA TRANSACCIÓN | |
| Fecha y hora de la última transacción | 20170725125740.0 |
| 008 - CAMPO FIJO DE DESCRIPCIÓN FIJA--INFORMACIÓN GENERAL | |
| Códigos de información de longitud fija | 170725s2017 sp ||||| t||||||| ||spa d |
| 040 ## - FUENTE DE CATALOGACIÓN | |
| Centro catalogador de origen | ES-MaCES |
| Lengua de catalogación | spa |
| Centro transcriptor | ES-MaCES |
| Centro modificado | ES-MaCES |
| 100 ## - ENCABEZAMIENTO PRINCIPAL--NOMBRE PERSONAL | |
| 9 (RLIN) | 38435 |
| Nombre de persona | Romero Ródenas, Josefa |
| 245 10 - MENCIÓN DE TÍTULO | |
| Título | Luces y sombras de la reforma del Sistema Nacional de la Garantía Juvenil en España a través del Real Decreto Ley 6/2016, de 23 de diciembre |
| Mención de responsabilidad, etc. | Josefa Romero Ródenas, Juan Luís García Rios |
| 610 #4 - ASIENTO SECUNDARIO DE MATERIA--NOMBRE CORPORATIVO | |
| 9 (RLIN) | 38436 |
| Nombre de entidad corporativa o nombre de jurisdicción como elemento inicial | España |
| Título de la obra | Real Decreto-Ley de medidas urgentes para el impulso del Sistema Nacional de Garantía Juvenil |
| Fecha del congreso o de la firma de un tratado | 2016 |
| 650 #4 - ASIENTO SECUNDARIO DE MATERIA--TÉRMINO DE MATERIA | |
| 9 (RLIN) | 28292 |
| Término de materia o nombre geográfico como elemento inicial | mercado de trabajo |
| 650 #4 - ASIENTO SECUNDARIO DE MATERIA--TÉRMINO DE MATERIA | |
| 9 (RLIN) | 29087 |
| Término de materia o nombre geográfico como elemento inicial | iniciación al trabajo |
| 650 #4 - ASIENTO SECUNDARIO DE MATERIA--TÉRMINO DE MATERIA | |
| 9 (RLIN) | 29447 |
| Término de materia o nombre geográfico como elemento inicial | transición a la vida profesional |
| 650 #4 - ASIENTO SECUNDARIO DE MATERIA--TÉRMINO DE MATERIA | |
| 9 (RLIN) | 29982 |
| Término de materia o nombre geográfico como elemento inicial | empleo de jóvenes |
| 650 #4 - ASIENTO SECUNDARIO DE MATERIA--TÉRMINO DE MATERIA | |
| 9 (RLIN) | 28300 |
| Término de materia o nombre geográfico como elemento inicial | política de empleo |
| 650 #4 - ASIENTO SECUNDARIO DE MATERIA--TÉRMINO DE MATERIA | |
| 9 (RLIN) | 30270 |
| Término de materia o nombre geográfico como elemento inicial | fomento del empleo |
| 650 #4 - ASIENTO SECUNDARIO DE MATERIA--TÉRMINO DE MATERIA | |
| 9 (RLIN) | 27165 |
| Término de materia o nombre geográfico como elemento inicial | derecho del trabajo |
| 650 #4 - ASIENTO SECUNDARIO DE MATERIA--TÉRMINO DE MATERIA | |
| 9 (RLIN) | 27166 |
| Término de materia o nombre geográfico como elemento inicial | legislación del trabajo |
| 650 #4 - ASIENTO SECUNDARIO DE MATERIA--TÉRMINO DE MATERIA | |
| 9 (RLIN) | 29892 |
| Término de materia o nombre geográfico como elemento inicial | reforma legislativa |
| 653 10 - TÉRMINO DE INDEXACIÓN--NO CONTROLADO | |
| Término no controlado | Derecho del trabajo y Seguridad Social |
| 700 1# - ENCABEZAMIENTO SECUNDARIO--NOMBRE PERSONAL | |
| 9 (RLIN) | 37450 |
| Nombre de persona | García Ríos, Juan Luis |
| 773 0# - ENTRADA DE DOCUMENTO FUENTE | |
| Itemnumber del ítem fuente | 86122 |
| Lugar, editor y fecha de publicación | Albacete (Concepción, 12, 2º izda., 02002) Bomarzo 1998- |
| Otro identificador del documento | 089020 |
| Título | Revista de derecho social |
| Número de control del registro relacionado | (ES-MaCES)25695 |
| Parte(s) relacionada(s) | n. 77 (en.-marzo 2017) {10693 R. 089020} ;p. 61-82 |
| 902 ## - CES. TIPO DE DOCUMENTO | |
| Tipodoc (006$c Sirtex) | ART Artículo de revista |
| 942 ## - ELEMENTOS KOHA | |
| Fuente de clasificaión o esquema | Clasificación propia del CES |
| Koha [por defecto] tipo de item | Artículos (1982-2017) |
| Parte de clasificación | Derecho del Trabajo y Seguridad Social |
No hay ítems disponibles.
